Človek v základnej prevádzkovej jednotke obchodu záverečná práca postgraduálneho štúdia

Saved in:
Bibliographic Details
Main Author: Grujbárová, Jarmila
Corporate Author: Vysoká škola ekonomická v Bratislave
Other Authors: Prachár, Juraj
Format: Book
Language:Slovak
Published: Bratislava 1987
Tags: Add Tag
No Tags, Be the first to tag this record!

MARC

LEADER 00000nam a2200000 4500
001 c024478
005 20221219094343.7
041 0 |a slo 
044 |a SK 
245 1 0 |a Človek v základnej prevádzkovej jednotke obchodu  |b záverečná práca postgraduálneho štúdia  |c Jarmila Grujbárová ; Ved. práce Juraj Prachár 
264 1 |a Bratislava  |c 1987 
300 |a 43 s. 
100 1 |a Grujbárová, Jarmila 
700 1 |a Prachár, Juraj 
710 2 |a Vysoká škola ekonomická v Bratislave